The Void - Spiritbox - Statistics

General Stats
  • This quiz has been taken 4 times
  • The average score is 234 of 264
Answer Stats
𖦹 % Correct
a
100%
alone
100%
an
100%
and
100%
(and
100%
at
100%
belong
100%
blade
100%
break
100%
can
100%
close)
100%
crutch,
100%
fall
100%
go?
100%
go
100%
I
100%
in
100%
into
100%
It's
100%
it's
100%
late)
100%
like
100%
Like
100%
me
100%
my
100%
need
100%
night
100%
of
100%
place
100%
razor
100%
sky
100%
sleep
100%
someone
100%
Talk
100%
tell
100%
the
100%
to
100%
To
100%
too
100%
Took
100%
Touch
100%
void
100%
walk
100%
wanna
100%
water
100%
when
100%
where
100%
Where
100%
who
100%
with
100%
With
100%
all
67%
below
67%
(But
67%
cause
67%
control
67%
Curses
67%
danger
67%
dark
67%
die?
67%
do
67%
fears
67%
Feel
67%
feel
67%
history
67%
imminent
67%
infinite
67%
life
67%
light
67%
lost
67%
No
67%
one
67%
piece
67%
sense
67%
surface
67%
they
67%
(this
67%
thousand
67%
time)
67%
waits
67%
you
67%
between
33%
call
33%
edge
33%
for
33%
guide
33%
hear
33%
hole
33%
lie
33%
lives
33%
made
33%
Oh,
33%
Right
33%
stone
33%
surrender
33%
that
33%
untethering
33%
up
33%
was
33%
way
33%
No matching quizzes found
Score Distribution
Percent of People with Each Score
Percentile by Number Answered
Your Score History
You have not taken this quiz